Formación investigativa y desarrollo profesional docente
Las memorias del proyecto IPA-Usaquén son resultado del convenio interadministrativo 2570 del 30 de mayo de 2012 entre la Secretaría de Educación y el Instituto para la Investigación Educativa y el Desarrollo Pedagógico, IDEP, donde participaron: Colegio Agustín Fernández, Colegio Aquileo Parra, Col...
Gorde:
| Egile korporatiboa: | , |
|---|---|
| Beste egile batzuk: | |
| Formatua: | Liburua |
| Hizkuntza: | English Spanish |
| Argitaratua: |
Bogotá:
Subdirección Imprenta Distrital DDDI,
2013.
|
| Edizioa: | Richard Romo Guacas, ed. |
| Gaiak: | |
| Sarrera elektronikoa: | Para consultar en texto completo haga clic aquí |
| Etiketak: |
Etiketa erantsi
Etiketarik gabe, Izan zaitez lehena erregistro honi etiketa jartzen!
|
MARC
| LEADER | 00000nam a22000007a 4500 | ||
|---|---|---|---|
| 003 | OSt | ||
| 005 | 20251026064430.0 | ||
| 008 | 160502b xxu||||| |||| 00| 0 eng d | ||
| 020 | |a 9789588780245 | ||
| 040 | |c coboiie | ||
| 041 | |a spa | ||
| 082 | |a 371.12 |b F72 | ||
| 245 | 1 | 0 | |a Formación investigativa y desarrollo profesional docente |c Alcaldía Mayor de Bogotá, Secretaria de Educación; Instituto para la investigación Educativa y el Desarrollo Pedagógico IDEP. |
| 250 | |a Richard Romo Guacas, ed. | ||
| 260 | |a Bogotá: |b Subdirección Imprenta Distrital DDDI, |c 2013. | ||
| 300 | |a 405 p. |b il., gráficos, tablas | ||
| 505 | 0 | |a Contexto del Proyecto formación investigativa y desarrollo profesional docente Corporeidad, Juego y Movimiento Fomento a las ciencias, la tecnología y la investigación Formación para el trabajo en los proyectos de aula La emisora escolar: mediadora de conflictos Comunicación y Convivencia a través del PRAE Proyecto para el desarrollo humano a través de la ciencia y la tecnología Comunicación y Tecnología Juego, Arte y Convivencia Nuestro Modelo Pedagógico Toberino Tecnologías Aplicadas a la Información y el Aprendizaje TAIA Usaquén, Colegio Verde de Bogotá Generando conocimiento escolar: los resultados del proyecto | |
| 520 | 2 | |a Las memorias del proyecto IPA-Usaquén son resultado del convenio interadministrativo 2570 del 30 de mayo de 2012 entre la Secretaría de Educación y el Instituto para la Investigación Educativa y el Desarrollo Pedagógico, IDEP, donde participaron: Colegio Agustín Fernández, Colegio Aquileo Parra, Colegio Cristóbal Colón, Colegio Divino Maestro, Colegio Friedrich Naumann, Colegio General Santander, Colegio Nuevo Horizonte, Colegio Saludcoop Norte, Colegio Toberín, Colegio Unión Colombia, Colegio Usaquén | |
| 650 | 0 | |a Formación profesional de maestros. |z Colombia--Bogotá--Usaquén (Localidad) |9 2152 | |
| 650 | 0 | |a Desarrollo Humano |z Colombia--Bogotá--Usaquén (Localidad) |9 2153 | |
| 650 | 0 | |a Investigación educativa. |z Colombia--Bogotá--Usaquén (Localidad) |9 2154 | |
| 700 | 1 | |9 330 |a Romo Guacas, Richard |e Editor. | |
| 710 | 1 | |9 329 |a Alcaldía Mayor de Bogotá: |b Secretaria de Educación | |
| 710 | 2 | |a Instituto para la Investigación Educativa y Desarrollo Pedagógico, IDEP |9 17 | |
| 856 | |u http://biblioteca.idep.edu.co/libros/Proyecto_IPA_Usaquen.pdf |y Para consultar en texto completo haga clic aquí | ||
| 942 | |2 ddc |c BK | ||
| 999 | |c 4436 |d 4436 | ||